00617nam a2200181 a 450000100100000000500170001000800410002704000250006808200150009310000250010824500560013326000490018930000210023870000370025904900090029695201130030599900170041800002618020200930024353.0110223s1980 cr r 000 | spa d aDO-SdBNPbspacBNPHU aNNNbM211c1 aMagon , Seud,95318710aCuentos /cSeud Magón ; prólogo León Pacheco. aSan José, Costa Rica :bCosta Rica,c1980. a403 p. ;c21 cm.1 aPacheco, León,epról.953188 aBNGR 001050718MOaGRbGRcCTd2011-03-03iLF1l0oNNN M211cp26180-10r2020-06-25w2020-06-25y1ZNo se presta c25672d25672